| 000 | 00379pab a2200157 454500 | ||
|---|---|---|---|
| 008 | 180718b2009 xxu||||| |||| 00| 0 eng d | ||
| 100 | _aHaokip, George T. | ||
| 245 | _aThe institution of chieftainship in Kuki society | ||
| 260 | _c2009 | ||
| 300 | _ap.273-77. | ||
| 362 | _aApr-Jun | ||
| 650 | _aTribes | ||
| 773 | _aEastern Anthropologist | ||
| 908 | _aN | ||
| 909 | _a85156 | ||
| 999 |
_c85156 _d85156 |
||